000 00321nam a22001457a 4500
008 240318b ||||| |||| 00| 0 eng d
020 _a78121086
041 _aeng
080 _21970
_a101
082 _a101TOU
100 _a44
101 _aFILOZOFI
245 _aPHYSICAL REALITY
_cSTEPHEN TOULMIN
942 _2udc
_cBK
999 _c60605
_d60605